Länder die auf "land/lande" enden - Statistiken

Allgemein
  • Dieses Quiz wurde 363 mal gespielt
  • Das Durchschnittsergebnis liegt bei 10 aus 11
Antwortstatistiken
Hint Antwort % Korrekt
Europa Deutschland
96%
Europa Niederlande
95%
Europa Estland
91%
Europa Finnland
90%
Europa Lettland
89%
Ozeanien Neuseeland
89%
Europa Russland
89%
Europa Irland
88%
Europa Griechenland
87%
Europa Island
87%
Asien Thailand
73%
Keine übereinstimmenden Quizze gefunden
Verteilung der Resultate
Anzahl Personen mit jedem Resultat
Perzentil nach korrekt beantworteten Fragen
Ihre Resultats-Entwicklung
Sie haben dieses Quiz noch nicht gespielt